00359nam a2200121Ia 4500008004100000041000800041082001800049100001600067245009500083260002700178365001600205700001600221230718s9999 xx 000 0 und d aeng a005.3684bPAR aParker D.J. aVisualizing Information With Microsoft Office Visio 2007bSmart Digrams for Business Users bTata Mc-graw Hill Pub. cRs.b475.00 aParker D.J.